HR-Human Resource Management (Record no. 6926)
[ view plain ]
| 000 -LEADER | |
|---|---|
| fixed length control field | 00426nam a2200169Ia 4500 |
| 008 - FIXED-LENGTH DATA ELEMENTS--GENERAL INFORMATION | |
| fixed length control field | 191201s2016 xx 000 0 und d |
| 020 ## - INTERNATIONAL STANDARD BOOK NUMBER | |
| International Standard Book Number | 9788131524466 |
| 082 ## - DEWEY DECIMAL CLASSIFICATION NUMBER | |
| Classification number | 658.3 DEH |
| 100 ## - MAIN ENTRY--PERSONAL NAME | |
| Personal name | DENISI, Angelo S |
| 245 #0 - TITLE STATEMENT | |
| Title | HR-Human Resource Management |
| 260 ## - PUBLICATION, DISTRIBUTION, ETC. (IMPRINT) | |
| Name of publisher, distributor, etc | Cengage Learning |
| Date of publication, distribution, etc | 2016 |
| 300 ## - PHYSICAL DESCRIPTION | |
| Extent | 407 |
| 650 ## - SUBJECT ADDED ENTRY--TOPICAL TERM | |
| Topical term or geographic name as entry element | Human Resource Management |
| 700 ## - ADDED ENTRY--PERSONAL NAME | |
| Personal name | GRIFFIN,Ricky W |
| 700 ## - ADDED ENTRY--PERSONAL NAME | |
| Personal name | SARKAR,Anita |
| 942 ## - ADDED ENTRY ELEMENTS (KOHA) | |
| Source of classification or shelving scheme | Dewey Decimal Classification |
| Koha item type | Text Books |
| Withdrawn status | Lost status | Source of classification or shelving scheme | Damaged status | Not for loan | Collection code | Home library | Current library | Date acquired | Source of acquisition | Cost, normal purchase price | Bill Number | Total Checkouts | Full call number | Acc. no. / Barcode | Date last seen | Actual Cost, discounted price | Bill Date | Koha item type | Date last borrowed | Currency |
|---|---|---|---|---|---|---|---|---|---|---|---|---|---|---|---|---|---|---|---|---|
| Dewey Decimal Classification | MBA | PIET C-LIBRARY | PIET C-LIBRARY | 21/07/2020 | Kirti Prakashan | 875.00 | IN 3890 | 658.3 DEH | 30811 | 04/12/2019 | 612.50 | 16/05/2019 | Text Books | |||||||
| Dewey Decimal Classification | MBA | PIET C-LIBRARY | PIET C-LIBRARY | 21/07/2020 | Kirti Prakashan | 875.00 | IN 3890 | 2 | 658.3 DEH | 30812 | 20/09/2024 | 612.50 | 16/05/2019 | Text Books | 16/09/2024 | |||||
| Dewey Decimal Classification | MBA | PIET C-LIBRARY | PIET C-LIBRARY | 09/12/2022 | International Book Centre | 875.00 | IB/IN/851 | 658.3 DEH | 34316 | 05/01/2023 | 612.50 | 09/12/2022 | Reference Books | IN Rupees |